Telekomunikačná prevádzka pre 2. a 3. ročník učebného odboru manipulant poštovej prevádzky a prepravy a pre 2. a 3. ročník študijného odboru SŠP poštová prevádzka

Na minha lista:
Detalhes bibliográficos
Formato: Livro
Idioma:tcheco
Publicado em: Praha Nakladatelství dopravy a spojů 1982
Tags: Adicionar Tag
Sem tags, seja o primeiro a adicionar uma tag!

MARC

LEADER 00000nam a2200000 4500
001 c131156
005 20250702080753.1
041 0 |a cze 
044 |a CZ 
245 1 0 |a Telekomunikačná prevádzka  |b pre 2. a 3. ročník učebného odboru manipulant poštovej prevádzky a prepravy a pre 2. a 3. ročník študijného odboru SŠP poštová prevádzka  |c Ján Šuran 
264 1 |a Praha  |b Nakladatelství dopravy a spojů  |c 1982 
300 |a 133 s.